000 00627nam a2200229 a 4500
001 000009320
003 DO-SdBNP
005 20221122090011.0
007 ta
008 090929s1981 dr r 001 0 spa d
020 _z84000648
040 _aDO-SdBNP
_bspa
_cBNPHU
082 4 _bM149j
_222
100 1 _aMachado, Pablo A.
_924057
245 1 0 _aJurisprudencia dominicana 1977 - 1979 /
_cPablo A. Machado.
260 _aSanto Domingo :
_bTaller,
_c1981.
300 _a243 p. ;
_c23 cm.
490 1 _aBiblioteca Taller
_v118
590 _aInventariado, 2022/BT
830 0 _aBiblioteca Taller
_n118
_924062
942 _2ddc
_cLBS1
999 _c9080
_d9080